00334 2200121 4500001002100000005001500021035002000036245005900056100002900115300000800144260004700152990001300199INLIS00000000000236820250528112511 a0010-05250006601 aKetika cinta bertasbih (2) /cHabiburrahman EI Shirazy0 aHabibutrahman EI Shirazy a414 aJakarta :bHabiburrahman EI Shirazy,c2007 a07.13405